<?xml version="1.0" encoding="UTF-8"?>
<record
    xmlns:xsi="http://www.w3.org/2001/XMLSchema-instance"
    xsi:schemaLocation="http://www.loc.gov/MARC21/slim http://www.loc.gov/standards/marcxml/schema/MARC21slim.xsd"
    xmlns="http://www.loc.gov/MARC21/slim">

  <leader>01887nam a2200205Ia 4500</leader>
  <controlfield tag="001">b6640-47616 </controlfield>
  <controlfield tag="003">IT-MiCISF</controlfield>
  <controlfield tag="008">161014s9999||||xx |||||||||||||| ||und||</controlfield>
  <datafield tag="040" ind1=" " ind2=" ">
    <subfield code="a">IT-MiCISF</subfield>
    <subfield code="c">IT-MiCISF</subfield>
  </datafield>
  <datafield tag="041" ind1=" " ind2=" ">
    <subfield code="a">it</subfield>
  </datafield>
  <datafield tag="100" ind1=" " ind2=" ">
    <subfield code="a">Bainbridge David</subfield>
  </datafield>
  <datafield tag="245" ind1=" " ind2="0">
    <subfield code="a">Adolescenti</subfield>
    <subfield code="b">Una storia naturale</subfield>
  </datafield>
  <datafield tag="250" ind1=" " ind2=" ">
    <subfield code="a">1a ed.</subfield>
  </datafield>
  <datafield tag="260" ind1=" " ind2=" ">
    <subfield code="a"> Torino</subfield>
    <subfield code="b">Einaudi</subfield>
    <subfield code="c">2010 [Edizione originale: 2009]</subfield>
  </datafield>
  <datafield tag="300" ind1=" " ind2=" ">
    <subfield code="a">pp. 323</subfield>
  </datafield>
  <datafield tag="500" ind1=" " ind2=" ">
    <subfield code="a"> / adolescenza, pubert&#xE0;, comportamento, amore, sessualit&#xE0;, gravidanza, scelta-del-partner / In confronto ad altre specie, gli esseri umani raggiungono l'et&#xE0; adulta insolitamente tardi, attraversando un periodo intermedio ricco di scoperte, difficolt&#xE0;, cambiamenti e errori. L'adolescenza &#xE8; percepita come un momento ibrido e confuso, da dimenticare o da superare il pi&#xF9; velocemente possibile per arrivare indenni all'et&#xE0; adulta. Ma &#xE8; davvero solo un'inutile sofferenza? Con questo volume l'A. - zoologo inglese e docente di anatomia clinica veterinaria presso l'Universit&#xE0; di Cambridge - propone un punto di vista alternativo sulla "seconda decade" dell'esistenza umana, costruendo una tesi nuova e rivoluzionaria, ben lontana da semplificazioni e banalizzazioni, e cio&#xE8; che l'adolescenza dovrebbe essere vista come un periodo in cui possiamo avere il meglio di due mondi: l'incantevole meraviglia di un bambino e la rassicurante indipendenza di un adulto. Con uno stile vivace e pieno di humour, ma che non rinuncia mai al rigore scientifico, egli esplora gli sconvolgimenti adolescenziali - dalle tempeste ormonali all'imprevedibilit&#xE0; nei comportamenti, dai cambiamenti del corpo a quelli della percezione del mondo - mettendo in luce il valore nascosto degli "anni di mezzo", sia nella storia dell'individuo che nell'evoluzione umana. </subfield>
  </datafield>
  <datafield tag="650" ind1=" " ind2=" ">
    <subfield code="a"> Adolescenti e giovani / et&#xE0;-evolutiva</subfield>
    <subfield code="e">009</subfield>
  </datafield>
  <datafield tag="942" ind1=" " ind2=" ">
    <subfield code="c">BK</subfield>
  </datafield>
  <datafield tag="957" ind1=" " ind2=" ">
    <subfield code="7">1</subfield>
  </datafield>
  <datafield tag="999" ind1=" " ind2=" ">
    <subfield code="a">47616</subfield>
    <subfield code="b">si</subfield>
    <subfield code="g">1</subfield>
    <subfield code="c">210385</subfield>
    <subfield code="d">210385</subfield>
  </datafield>
  <datafield tag="952" ind1=" " ind2=" ">
    <subfield code="0">0</subfield>
    <subfield code="1">0</subfield>
    <subfield code="4">0</subfield>
    <subfield code="6">B_664047616</subfield>
    <subfield code="7">1</subfield>
    <subfield code="a">CISF</subfield>
    <subfield code="b">CISF</subfield>
    <subfield code="d">2016-10-14</subfield>
    <subfield code="l">0</subfield>
    <subfield code="o">b6640-47616 </subfield>
    <subfield code="r">2016-10-14 00:00:00</subfield>
    <subfield code="w">2016-10-14</subfield>
    <subfield code="y">BK</subfield>
    <subfield code="z">Data import 15.10.2016 / by Epidotti, Vaglietti</subfield>
  </datafield>
</record>
